|
|
|
|
| LEADER |
01218nam a2200325 a 4500 |
| 001 |
1742 |
| 003 |
BD-DhAAL |
| 005 |
20150518100819.0 |
| 008 |
150518s1992 cau b 001 0 eng |
| 010 |
|
|
|a 92004213
|
| 020 |
|
|
|a 0803946325 (cl)
|
| 020 |
|
|
|a 0803946333 (pb)
|
| 040 |
|
|
|a DLC
|c DLC
|d DLC
|d BD-DhAAL
|
| 050 |
0 |
0 |
|a RC488.5
|b .G83 1992
|
| 082 |
0 |
0 |
|a 616.89/156
|2 20
|
| 100 |
1 |
|
|a Gubrium, Jaber F.
|9 11102
|
| 245 |
1 |
0 |
|a Out of control :
|b family therapy and domestic disorder /
|c Jaber F. Gubrium.
|
| 260 |
|
|
|a Newbury Park, Calif. :
|b Sage Publications,
|c c1992.
|
| 300 |
|
|
|a ix, 257 p. ;
|c 23 cm.
|
| 490 |
1 |
|
|a Sage library of social research ;
|v 189
|
| 504 |
|
|
|a Includes bibliographical references (p. 249-252) and index.
|
| 541 |
|
|
|e 1742
|
| 650 |
|
0 |
|a Family psychotherapy
|x Social aspects.
|9 11103
|
| 650 |
|
0 |
|a Family psychotherapy
|x Political aspects.
|9 11104
|
| 650 |
|
0 |
|a Dysfunctional families.
|9 5933
|
| 650 |
|
0 |
|a Family counseling.
|9 11105
|
| 830 |
|
0 |
|a Sage library of social research ;
|v v. 189.
|9 11106
|
| 942 |
|
|
|2 ddc
|c BK
|
| 999 |
|
|
|c 34430
|d 34430
|
| 952 |
|
|
|0 0
|1 0
|2 ddc
|4 0
|6 616_891560000000000_GUB
|7 0
|9 53755
|a SCL
|b SCL
|c GEN
|d 2015-05-18
|l 0
|o 616.89156 GUB
|p 3020001742
|r 2015-05-18
|t 1
|w 2015-05-18
|y BK
|